[Event "5. Europäische Senioren-Einzel"]
[Site "Bad Homburg, Kurhaus"]
[Date "2005.??.??"]
[Round "8.1"]
[White "Klovans, Janis"]
[Black "Tseitlin, Mark"]
[Result "1/2-1/2"]
[WhiteElo "2462"]
[BlackElo "2458"]
[PlyCount "38"]
[EventDate "2005.06.25"]

1. e4 e5 2. Nf3 Nc6 3. Bb5 a6 4. Ba4 Nf6 5. O-O Be7 6. Re1 b5 7. Bb3 d6 8. c3
O-O 9. h3 Na5 10. Bc2 c5 11. d4 Qc7 12. Nbd2 cxd4 13. cxd4 Rd8 14. d5 Bd7 15.
Nf1 Rdc8 16. Bd3 Nb7 17. Ng3 Nc5 18. Bf1 a5 19. Bd2 b4 1/2-1/2

[Event "5. Europäische Senioren-Einzel"]
[Site "Bad Homburg, Kurhaus"]
[Date "2005.??.??"]
[Round "8.3"]
[White "Arkhangelski, Boris"]
[Black "Bukal, Vladimir"]
[Result "1/2-1/2"]
[WhiteElo "2376"]
[BlackElo "2422"]
[PlyCount "25"]
[EventDate "2005.06.25"]

1. c4 c6 2. e4 e5 3. Nf3 d6 4. d4 Bg4 5. Be2 Nd7 6. O-O Be7 7. Be3 Bxf3 8. Bxf3
Bg5 9. Re1 Bxe3 10. Rxe3 Ngf6 11. Nc3 O-O 12. Rd3 Qc7 13. Rb1 1/2-1/2

[Event "5. Europäische Senioren-Einzel"]
[Site "Bad Homburg, Kurhaus"]
[Date "2005.??.??"]
[Round "8.4"]
[White "Spassov, Liuben"]
[Black "Chernikov, Oleg L."]
[Result "1-0"]
[WhiteElo "2382"]
[BlackElo "2410"]
[PlyCount "118"]
[EventDate "2005.06.25"]

1. d4 Nf6 2. c4 c6 3. Nc3 Qa5 4. e3 e5 5. dxe5 Qxe5 6. Nf3 Qc7 7. Be2 g6 8. O-O
Bg7 9. e4 O-O 10. Re1 Re8 11. Bf1 Ng4 12. h3 Ne5 13. Nd4 d6 14. Be3 Na6 15. Rc1
Nc5 16. b4 Ne6 17. Nb3 g5 18. g3 Ng6 19. Be2 Be5 20. Bg4 Qe7 21. Ne2 Ng7 22.
Ned4 Qf6 23. Nf3 h6 24. Nbd4 c5 25. Nb5 Bxg4 26. hxg4 Ne6 27. Kg2 a6 28. Nxe5
axb5 29. Nd7 Qd8 30. Qxd6 Ngf8 31. Red1 cxb4 32. cxb5 Qxd7 33. Qxd7 Nxd7 34.
Rxd7 b6 35. Rc2 Ra5 36. Rd6 Rxb5 37. Rxb6 Rxb6 38. Bxb6 Ra8 39. Rb2 Ra4 40. Be3
Kg7 41. Bd2 Nc5 42. Bxb4 Nxe4 43. f3 Nf6 44. Bc3 Ra6 45. a4 Kg6 46. a5 Nd7 47.
Rb7 Nc5 48. Rb6+ Rxb6 49. axb6 f5 50. Bb4 Nb7 51. Kf2 fxg4 52. fxg4 h5 53.
gxh5+ Kxh5 54. Kf3 Nd8 55. Ke4 Kg4 56. Bd6 Nb7 57. Kd5 Kf5 58. Kc6 Na5+ 59. Kc7
Ke6 1-0

[Event "5. Europäische Senioren-Einzel"]
[Site "Bad Homburg, Kurhaus"]
[Date "2005.??.??"]
[Round "8.6"]
[White "Rosen, Willy"]
[Black "Blechzin, Igor"]
[Result "1/2-1/2"]
[WhiteElo "2307"]
[BlackElo "2511"]
[PlyCount "40"]
[EventDate "2005.06.25"]

1. e4 c5 2. Nf3 d6 3. d4 cxd4 4. Nxd4 Nf6 5. Nc3 Nc6 6. Be2 g6 7. O-O Bg7 8.
Nb3 O-O 9. Re1 Be6 10. Bf1 d5 11. Nc5 Bg4 12. f3 d4 13. N3a4 Bc8 14. c4 dxc3
15. Nxc3 Nd7 16. Nxd7 Bxd7 17. Be3 Be6 18. Re2 Qa5 19. Nd5 Rfd8 20. Rd2 Rd7
1/2-1/2

[Event "5. Europäische Senioren-Einzel"]
[Site "Bad Homburg, Kurhaus"]
[Date "2005.??.??"]
[Round "8.7"]
[White "Uhlmann, Wolfgang"]
[Black "Villing, Dieter"]
[Result "1-0"]
[WhiteElo "2412"]
[BlackElo "2256"]
[PlyCount "79"]
[EventDate "2005.06.25"]

1. c4 e5 2. Nc3 Nf6 3. Nf3 d6 4. d4 Nbd7 5. e4 c6 6. Be2 Be7 7. O-O O-O 8. Rb1
a6 9. b4 b5 10. a4 bxc4 11. Bxc4 exd4 12. Nxd4 Ne5 13. Be2 c5 14. Nc2 cxb4 15.
Nxb4 Bb7 16. Nbd5 Bxd5 17. Nxd5 Nxd5 18. Qxd5 Nd7 19. Bd2 Nc5 20. a5 Rb8 21. g3
Qd7 22. Bc4 Rxb1 23. Rxb1 Qg4 24. Be3 Nxe4 25. h3 Qg6 26. Bd3 Nf6 27. Qc4 Qh5
28. Qxa6 Qxh3 29. Bf1 Qf5 30. Rb5 d5 31. Qb7 Bd6 32. Qc6 Be5 33. a6 Qh5 34. Qc1
Ng4 35. Bg2 d4 36. Bf4 Qh2+ 37. Kf1 Bxf4 38. Qxf4 Ne3+ 39. fxe3 dxe3 40. Qxe3
1-0

[Event "5. Europäische Senioren-Einzel"]
[Site "Bad Homburg, Kurhaus"]
[Date "2005.??.??"]
[Round "8.8"]
[White "Rosino, Antonio"]
[Black "Rotstein, Efim"]
[Result "0-1"]
[WhiteElo "2285"]
[BlackElo "2410"]
[PlyCount "42"]
[EventDate "2005.06.25"]

1. e4 c5 2. Nf3 e6 3. c3 Nf6 4. e5 Nd5 5. d4 cxd4 6. cxd4 d6 7. Nc3 Nxc3 8.
bxc3 dxe5 9. Nxe5 Nd7 10. Bf4 Be7 11. Bd3 O-O 12. O-O Nxe5 13. Bxe5 Bd7 14. Qg4
g6 15. Rfe1 Rc8 16. Re3 f5 17. Qe2 Bf6 18. Bc4 f4 19. Bxe6+ Bxe6 20. Bxf6 fxe3
21. Bxd8 exf2+ 0-1

[Event "5. Europäische Senioren-Einzel"]
[Site "Bad Homburg, Kurhaus"]
[Date "2005.??.??"]
[Round "8.9"]
[White "Khanukov, Boris"]
[Black "Bachmann, Karl-Heinz"]
[Result "0-1"]
[WhiteElo "2390"]
[BlackElo "2292"]
[PlyCount "110"]
[EventDate "2005.06.25"]

1. Nf3 Nf6 2. c4 e6 3. g3 b6 4. Bg2 Bb7 5. Nc3 c5 6. O-O d6 7. d4 cxd4 8. Nxd4
Bxg2 9. Kxg2 Be7 10. Qd3 a6 11. Qf3 Ra7 12. Be3 Qc7 13. Rfc1 O-O 14. a4 Rb7 15.
b4 Nfd7 16. Ne4 Ne5 17. Qh5 Nxc4 18. Kg1 d5 19. Ng5 h6 20. Ngxe6 fxe6 21. Nxe6
Qd7 22. Nxf8 Bxf8 23. Bf4 Qf7 24. Qg4 Nd7 25. b5 a5 26. Rd1 Bc5 27. h4 Nf6 28.
Qc8+ Kh7 29. Qf5+ Qg6 30. Qxg6+ Kxg6 31. Kg2 Kf5 32. Ra2 Re7 33. f3 Be3 34. Bb8
h5 35. Rd3 Rb7 36. Bd6 d4 37. Ba3 Nxa3 38. Raxa3 Rc7 39. Ra1 Rc2 40. Kf1 Nd5
41. Rdd1 Ke5 42. Ra3 Nc3 43. Re1 Kd5 44. g4 g6 45. gxh5 gxh5 46. Raa1 Ke5 47.
Kg2 Nxe2 48. f4+ Nxf4+ 49. Kh1 Ke4 50. Rf1 d3 51. Rae1 d2 52. Rd1 Rc1 53. Kh2
Rxd1 54. Rxd1 Ne2 55. Rf1 Nc3 0-1

[Event "5. Europäische Senioren-Einzel"]
[Site "Bad Homburg, Kurhaus"]
[Date "2005.??.??"]
[Round "8.10"]
[White "Fahnenschmidt, Gerhard"]
[Black "Jakobsen, Ole"]
[Result "0-1"]
[WhiteElo "2166"]
[BlackElo "2387"]
[PlyCount "178"]
[EventDate "2005.06.25"]

1. c4 e5 2. g3 Nf6 3. Bg2 d5 4. cxd5 Nxd5 5. Nf3 Nc6 6. Nc3 Nb6 7. O-O Be7 8.
a3 O-O 9. b4 Be6 10. d3 f6 11. Bb2 Qd7 12. Rc1 a5 13. b5 Nd4 14. Nxd4 exd4 15.
Ne4 Bd5 16. a4 f5 17. Nc5 Bxc5 18. Rxc5 Bxg2 19. Kxg2 Rae8 20. Qb3+ Kh8 21.
Rfc1 f4 22. Rxc7 Qg4 23. h3 Qxe2 24. Bxd4 Re7 25. Rxe7 Qxe7 26. Bxb6 fxg3 27.
Bc5 Qe2 28. Qc2 Qf3+ 29. Kg1 Re8 30. Bd4 h6 31. Qc7 gxf2+ 32. Bxf2 Qxh3 33. Qg3
Qh5 34. Rc7 Rg8 35. Rxb7 Qd1+ 36. Kg2 Qxa4 37. b6 Qc6+ 38. Qf3 Qg6+ 39. Kh2 Rd8
40. d4 a4 41. d5 Qg5 42. Bd4 Qh4+ 43. Kg2 Qxd4 44. Rd7 Qb2+ 45. Kh3 Qxb6 46. d6
Rb8 47. Qc3 Qb3 48. Rc7 Qxc3+ 49. Rxc3 Rd8 50. Rc6 a3 51. Ra6 a2 52. Kg4 Rxd6
53. Rxa2 Rd5 54. Ra6 Kh7 55. Rb6 h5+ 56. Kh4 g6 57. Rb7+ Kh6 58. Rb6 Rd4+ 59.
Kg3 h4+ 60. Kh3 Kh5 61. Rb1 Rd3+ 62. Kg2 g5 63. Rb5 h3+ 64. Kh2 Kh4 65. Rb8
Rd2+ 66. Kg1 g4 67. Rb4 Re2 68. Ra4 Kg3 69. Ra1 Kf3 70. Rf1+ Ke3 71. Ra1 g3 72.
Ra3+ Ke4 73. Ra4+ Kf3 74. Ra1 Re3 75. Rf1+ Ke4 76. Ra1 Rc3 77. Re1+ Kf3 78. Ra1
Ke2 79. Ra2+ Kd3 80. Ra1 Kd2 81. Ra2+ Rc2 82. Ra1 Rc1+ 83. Rxc1 Kxc1 84. Kf1
Kd2 85. Kg1 Ke3 86. Kf1 Kf3 87. Kg1 g2 88. Kh2 Kf2 89. Kxh3 g1=Q 0-1

[Event "5. Europäische Senioren-Einzel"]
[Site "Bad Homburg, Kurhaus"]
[Date "2005.??.??"]
[Round "8.11"]
[White "Westerinen, Heikki"]
[Black "Ivanets, Vladimir"]
[Result "1-0"]
[WhiteElo "2365"]
[BlackElo "2290"]
[PlyCount "73"]
[EventDate "2005.06.25"]

1. e4 c5 2. Nf3 a6 3. c3 d6 4. d4 Nf6 5. Bd3 Nc6 6. h3 e5 7. Be3 cxd4 8. cxd4
exd4 9. Nxd4 Nxd4 10. Bxd4 Be7 11. Nc3 O-O 12. O-O b5 13. Re1 b4 14. Na4 Rb8
15. Rc1 Nd7 16. b3 Bg5 17. Rc6 Ne5 18. Bxe5 dxe5 19. Bxa6 Bxa6 20. Rxa6 Qd2 21.
Qxd2 Bxd2 22. Rd1 Rfd8 23. Ra5 f6 24. Rd5 Rxd5 25. exd5 Bg5 26. Nc5 f5 27. d6
Kf7 28. Rd5 Bf6 29. Kf1 g6 30. Ke2 e4 31. g4 Ra8 32. gxf5 Rxa2+ 33. Ke3 Bg5+
34. Kxe4 Rxf2 35. fxg6+ Kxg6 36. Rxg5+ Kxg5 37. d7 1-0

[Event "5. Europäische Senioren-Einzel"]
[Site "Bad Homburg, Kurhaus"]
[Date "2005.??.??"]
[Round "8.12"]
[White "Gaprindashvili, Nona"]
[Black "Popivoda, Radmila"]
[Result "1-0"]
[WhiteElo "2324"]
[BlackElo "2232"]
[PlyCount "103"]
[EventDate "2005.06.25"]

1. d4 Nf6 2. c4 e5 3. dxe5 Ng4 4. Nf3 Bc5 5. e3 Nc6 6. a3 a5 7. Be2 O-O 8. O-O
Ngxe5 9. Nxe5 Nxe5 10. f4 Nc6 11. Bd3 f5 12. Nc3 d6 13. Kh1 Ne7 14. Rb1 Bd7 15.
Qf3 a4 16. Bd2 Bc6 17. Nd5 Qd7 18. Bc3 Nxd5 19. cxd5 Bb5 20. Bxb5 Qxb5 21. g4
Rae8 22. Rbe1 Qd3 23. gxf5 Rxe3 24. Rxe3 Qxe3 25. Qxe3 Bxe3 26. Rf3 Bb6 27. Rg3
Rxf5 28. Rxg7+ Kf8 29. Rxh7 Rxf4 30. h4 Kg8 31. Rh8+ Kf7 32. h5 Rf5 33. Rh7+
Kg8 34. Rh8+ Kf7 35. Kg2 Rxd5 36. Rh7+ Ke6 37. Kf3 Kf5 38. Ke2 Kg4 39. h6 Kh5
40. Bd2 Bd4 41. Rxc7 Bxb2 42. Rxb7 Bf6 43. Ra7 Rb5 44. Rxa4 Kg6 45. Ra8 Kh7 46.
Ra7+ Kg6 47. a4 Rb3 48. a5 d5 49. Ra6 d4 50. Rd6 Kf7 51. a6 Be5 52. Rd5 1-0

[Event "5. Europäische Senioren-Einzel"]
[Site "Bad Homburg, Kurhaus"]
[Date "2005.??.??"]
[Round "8.13"]
[White "Postler, Reinhard"]
[Black "Tchetchelnitski, Boris"]
[Result "1-0"]
[WhiteElo "2313"]
[BlackElo "2184"]
[PlyCount "113"]
[EventDate "2005.06.25"]

1. e4 e6 2. d4 d5 3. Nd2 a6 4. Ngf3 c5 5. exd5 exd5 6. dxc5 Bxc5 7. Nb3 Ba7 8.
Qe2+ Ne7 9. Be3 O-O 10. O-O-O b5 11. Bxa7 Rxa7 12. Nbd4 Rc7 13. Qd2 Nd7 14. Bd3
Nf6 15. Rhe1 Bg4 16. Re3 Bh5 17. Rde1 Bg6 18. Kb1 Bxd3 19. Qxd3 Ng6 20. Nd2 Ng4
21. Rg3 Re7 22. Rxe7 Qxe7 23. a4 Nxf2 24. Qf1 Ne4 25. Nxe4 Qxe4 26. Nf5 bxa4
27. Re3 Qb4 28. Qxa6 Rb8 29. b3 Qf4 30. Qb5 h6 31. Re8+ Rxe8 32. Qxe8+ Kh7 33.
Qxf7 Qe5 34. bxa4 Qe1+ 35. Ka2 Qc3 36. Qxg7+ Qxg7 37. Nxg7 Kxg7 38. a5 Ne5 39.
a6 Nc6 40. Ka3 Kf6 41. Ka4 Ke6 42. Kb5 Kd6 43. Kb6 d4 44. g4 Ne7 45. a7 Nc8+
46. Kb7 Nxa7 47. Kxa7 Ke5 48. Kb6 Ke4 49. Kc5 Ke5 50. h4 Kf4 51. g5 hxg5 52.
hxg5 Kxg5 53. Kxd4 Kf6 54. Kd5 Ke7 55. Kc6 Ke6 56. c4 Ke5 57. c5 1-0

[Event "5. Europäische Senioren-Einzel"]
[Site "Bad Homburg, Kurhaus"]
[Date "2005.??.??"]
[Round "8.14"]
[White "Klundt, Klaus"]
[Black "Drozdov, Vladimir E."]
[Result "1-0"]
[WhiteElo "2392"]
[BlackElo "2191"]
[PlyCount "125"]
[EventDate "2005.06.25"]

1. e4 e5 2. Nf3 Nc6 3. Bb5 a6 4. Ba4 Nf6 5. O-O Nxe4 6. d4 b5 7. Bb3 d5 8. dxe5
Be6 9. Qe2 Be7 10. Rd1 O-O 11. c4 bxc4 12. Bxc4 Bc5 13. Be3 Bxe3 14. Qxe3 Qb8
15. Bb3 Na5 16. Nbd2 Qa7 17. Rac1 Qxe3 18. fxe3 Nxb3 19. Nxb3 Rfc8 20. Nc5 Nxc5
21. Rxc5 Rab8 22. b3 Rb5 23. Rdc1 Rxc5 24. Rxc5 Kf8 25. b4 Ke7 26. Nd4 Kd7 27.
a3 Rb8 28. Ra5 Rb6 29. Kf2 Kc8 30. h3 Kb7 31. Rc5 Kb8 32. Kg3 Kb7 33. Kf4 Kb8
34. g4 Kb7 35. h4 Kb8 36. g5 Kb7 37. Nf5 g6 38. Nd4 Kb8 39. Kf3 Kb7 40. Ke2 Kb8
41. Kd2 Kb7 42. Kd3 Kb8 43. Kc3 Kb7 44. a4 Kc8 45. a5 Rb8 46. b5 axb5 47. Nxb5
Kd8 48. Nxc7 Rb1 49. Nxe6+ fxe6 50. a6 Ra1 51. Rb5 Rxa6 52. Rb8+ Kd7 53. Rb7+
Kc6 54. Rxh7 Ra3+ 55. Kd2 Ra4 56. Re7 Rxh4 57. Rxe6+ Kc5 58. Rxg6 Re4 59. Rg8
Rxe5 60. g6 Re7 61. g7 Rc7 62. Kd3 Kc6 63. Kd4 1-0

[Event "5. Europäische Senioren-Einzel"]
[Site "Bad Homburg, Kurhaus"]
[Date "2005.??.??"]
[Round "8.18"]
[White "Rudnik, Heinz"]
[Black "Asmundsson, Ingvar"]
[Result "0-1"]
[WhiteElo "2196"]
[BlackElo "2288"]
[PlyCount "106"]
[EventDate "2005.06.25"]

1. Nf3 d5 2. d4 Nf6 3. e3 c5 4. dxc5 e6 5. c4 Bxc5 6. Nc3 Nc6 7. Be2 O-O 8. O-O
dxc4 9. Qxd8 Rxd8 10. Bxc4 a6 11. Rd1 Rxd1+ 12. Nxd1 b5 13. Be2 Bb7 14. b3 Rd8
15. Bb2 Nb4 16. h3 Nd3 17. Bd4 Bxf3 18. Bxf3 Bxd4 19. exd4 Rxd4 20. Ne3 Kf8 21.
Rd1 Ke7 22. Kf1 Rd6 23. Rb1 Kd7 24. a4 Kc7 25. axb5 axb5 26. Ra1 Kb6 27. Ra8
Rd7 28. Nc2 Nd5 29. g3 Ne5 30. Be4 Nc6 31. h4 h5 32. Kg1 Rd8 33. Ra1 g6 34. Bg2
Ndb4 35. Ne1 Nd4 36. Kh1 e5 37. f4 exf4 38. gxf4 Ne2 39. f5 Ng3+ 40. Kh2 Nxf5
41. Nf3 Rd3 42. Ne5 Rxb3 43. Nxf7 Nxh4 44. Bf1 Nf3+ 45. Kg2 Nd5 46. Nd6 Nd4 47.
Kf2 Rb2+ 48. Kg3 Rb3+ 49. Kf2 h4 50. Bg2 Rb2+ 51. Kg1 Ne2+ 52. Kh1 Ng3+ 53. Kg1
Nf4 0-1

[Event "5. Europäische Senioren-Einzel"]
[Site "Bad Homburg, Kurhaus"]
[Date "2005.??.??"]
[Round "8.20"]
[White "Gruzman, Boris"]
[Black "Kripp, Wolfgang"]
[Result "1-0"]
[WhiteElo "2280"]
[BlackElo "2152"]
[PlyCount "47"]
[EventDate "2005.06.25"]

1. e4 Nf6 2. e5 Nd5 3. d4 d6 4. Bc4 Nb6 5. Bb3 d5 6. Ne2 Bf5 7. Ng3 Bg6 8. h4
h5 9. Nc3 e6 10. Nce2 Be7 11. Nf4 Kd7 12. Nxg6 fxg6 13. Qd3 Qe8 14. c3 g5 15.
hxg5 g6 16. Bc2 Rg8 17. Ne2 Qd8 18. g4 Bxg5 19. gxh5 gxh5 20. Rxh5 Be7 21. Qh3
Bf8 22. Rh7+ Rg7 23. Nf4 Qe7 24. Nxe6 1-0

[Event "5. Europäische Senioren-Einzel"]
[Site "Bad Homburg, Kurhaus"]
[Date "2005.??.??"]
[Round "8.21"]
[White "Ofstad, Per"]
[Black "Lieb, Harald"]
[Result "0-1"]
[WhiteElo "2174"]
[BlackElo "2260"]
[PlyCount "110"]
[EventDate "2005.06.25"]

1. e4 e6 2. d4 d5 3. Nd2 Nf6 4. e5 Nfd7 5. c3 c5 6. f4 Nc6 7. Ndf3 cxd4 8. cxd4
Nb6 9. Ne2 a5 10. Nc3 Bd7 11. Be3 a4 12. a3 Na5 13. Nd2 Rc8 14. Rc1 Be7 15. Bd3
Nac4 16. Nxc4 Nxc4 17. Bxc4 Rxc4 18. O-O f5 19. Rf3 O-O 20. Rh3 Qe8 21. Bf2 Bd8
22. Ne2 Bb5 23. Rxc4 Bxc4 24. Be1 Bb6 25. Bc3 Bb3 26. Qd3 Qf7 27. Nc1 Bc4 28.
Qd1 Qe8 29. Nd3 Bxd3 30. Rxd3 Rf7 31. Bb4 Rc7 32. Rc3 Rc4 33. Rd3 Qc8 34. Bc3
Bd8 35. Rh3 g6 36. Rd3 Be7 37. Qd2 b5 38. h3 Qf8 39. Kh2 h6 40. Qd1 Qc8 41. Qd2
Kh7 42. g4 b4 43. axb4 Bxb4 44. gxf5 gxf5 45. Rg3 Bxc3 46. bxc3 Qc7 47. Qb2 Qd7
48. Qa3 Rc8 49. c4 dxc4 50. d5 exd5 51. e6 Qxe6 52. Re3 Qf6 53. Re7+ Kh8 54.
Qe3 Qb2+ 55. Kh1 Rg8 0-1

[Event "5. Europäische Senioren-Einzel"]
[Site "Bad Homburg, Kurhaus"]
[Date "2005.??.??"]
[Round "8.23"]
[White "Erenska-Barlo, Hanna"]
[Black "Siegmund, Rainer"]
[Result "1-0"]
[WhiteElo "2255"]
[BlackElo "2149"]
[PlyCount "79"]
[EventDate "2005.06.25"]

1. e4 c5 2. c3 d5 3. exd5 Qxd5 4. d4 Nf6 5. Nf3 Bg4 6. dxc5 Qxc5 7. Na3 Nbd7 8.
Be3 Qc8 9. Qa4 Bxf3 10. gxf3 a6 11. Bh3 b5 12. Qb3 e6 13. Rd1 Qc6 14. Ke2 Be7
15. Nc2 Nc5 16. Nd4 Qc7 17. Qc2 O-O 18. Rc1 Bd6 19. b4 Na4 20. c4 Bxb4 21. Kf1
Qe5 22. Nc6 Qh5 23. Nxb4 Qxh3+ 24. Ke2 Rac8 25. Qb3 Nc5 26. Qa3 bxc4 27. Rxc4
Ncd7 28. Rxc8 Rxc8 29. Qxa6 Rf8 30. Qd6 Qf5 31. Qd3 Qa5 32. a3 Nc5 33. Qc4 Ncd7
34. Ra1 h6 35. Nc6 Qh5 36. a4 Ne5 37. Nxe5 Qxe5 38. Qd4 Qxh2 39. Qf4 Qh5 40.
Rg1 1-0

[Event "5. Europäische Senioren-Einzel"]
[Site "Bad Homburg, Kurhaus"]
[Date "2005.??.??"]
[Round "8.27"]
[White "Zunker, Reinhard"]
[Black "Dotan, Valeria"]
[Result "1/2-1/2"]
[WhiteElo "2228"]
[BlackElo "2048"]
[PlyCount "61"]
[EventDate "2005.06.25"]

1. e4 c5 2. Nf3 d6 3. d4 cxd4 4. Qxd4 Nc6 5. Bb5 Bd7 6. Bxc6 Bxc6 7. Nc3 Nf6 8.
Bg5 Qa5 9. O-O-O e5 10. Qd3 Nd7 11. Be3 Be7 12. Nd2 Nc5 13. Bxc5 Qxc5 14. Qg3
O-O 15. Nb3 Qb4 16. a3 Qb6 17. f4 Rfe8 18. f5 Qc7 19. Kb1 Rec8 20. Qf2 b5 21.
Nd5 Bxd5 22. Rxd5 Qc4 23. Re1 a5 24. Qe2 a4 25. Nc1 b4 26. Qxc4 Rxc4 27. Nd3
bxa3 28. bxa3 h6 29. Nb4 Rb8 30. Kb2 Kf8 31. c3 1/2-1/2

[Event "5. Europäische Senioren-Einzel"]
[Site "Bad Homburg, Kurhaus"]
[Date "2005.??.??"]
[Round "8.29"]
[White "Bogorads, Michail"]
[Black "Diehl, Klaus"]
[Result "1-0"]
[WhiteElo "2219"]
[BlackElo "2112"]
[PlyCount "53"]
[EventDate "2005.06.25"]

1. e4 c5 2. Nf3 d6 3. Bb5+ Bd7 4. a4 Nf6 5. Qe2 g6 6. O-O Bg7 7. c3 O-O 8. d4
Nc6 9. d5 Na5 10. Ra3 Bxb5 11. axb5 c4 12. Nfd2 Rc8 13. Ra4 a6 14. bxa6 b5 15.
Rb4 Rc5 16. Na3 Qd7 17. Ndb1 Ng4 18. h3 Ne5 19. Be3 Rb8 20. a7 Qxa7 21. Nxb5
Qd7 22. Nxd6 Rxb4 23. cxb4 Rc7 24. Bb6 Qxd6 25. Bxc7 Qxc7 26. Qd2 c3 27. Qxc3
1-0

[Event "5. Europäische Senioren-Einzel"]
[Site "Bad Homburg, Kurhaus"]
[Date "2005.??.??"]
[Round "8.31"]
[White "Bittner, Friedrich"]
[Black "Stimpel, Franz"]
[Result "0-1"]
[WhiteElo "2084"]
[BlackElo "2327"]
[PlyCount "49"]
[EventDate "2005.06.25"]

1. e4 e6 2. d4 d5 3. Nc3 Bb4 4. e5 Ne7 5. Bd2 b6 6. Nce2 Bxd2+ 7. Qxd2 c5 8. c3
Ba6 9. f4 Nbc6 10. Nf3 h5 11. g3 Nf5 12. dxc5 bxc5 13. Bh3 g6 14. O-O-O Qa5 15.
Kb1 Rb8 16. Nc1 Ke7 17. Bxf5 gxf5 18. Rhg1 Rb7 19. Rg2 Rhb8 20. Nb3 Rxb3 21.
axb3 Rxb3 22. Qc2 Rb8 23. Nd2 Qb6 24. Nf1 Bc4 25. Nd2 0-1

[Event "5. Europäische Senioren-Einzel"]
[Site "Bad Homburg, Kurhaus"]
[Date "2005.??.??"]
[Round "8.32"]
[White "Frank, Werner"]
[Black "Kraidman, Yair"]
[Result "1-0"]
[WhiteElo "2083"]
[BlackElo "2320"]
[PlyCount "77"]
[EventDate "2005.06.25"]

1. e4 c5 2. Nf3 g6 3. d4 cxd4 4. Nxd4 Bg7 5. Nc3 Nc6 6. Be3 Nf6 7. Bc4 Ng4 8.
Qxg4 Nxd4 9. Qd1 Ne6 10. O-O d6 11. f4 O-O 12. Qd2 Nc5 13. Bd4 Bxd4+ 14. Qxd4
Be6 15. Nd5 Rc8 16. f5 Bxd5 17. Bxd5 Qb6 18. Rf2 e6 19. fxe6 fxe6 20. Rxf8+
Rxf8 21. Bc4 Rf4 22. b4 Rxe4 23. bxc5 Qxc5 24. Qxc5 dxc5 25. Bd3 Ra4 26. Kf2
Kf7 27. Rb1 b6 28. Rb2 Kf6 29. Bb5 Rf4+ 30. Kg3 g5 31. Rb3 h5 32. Rf3 h4+ 33.
Kf2 Ke5 34. Rxf4 Kxf4 35. g3+ Ke4 36. Ke2 Kd4 37. Kd2 c4 38. c3+ Ke4 39. a4 1-0

[Event "5. Europäische Senioren-Einzel"]
[Site "Bad Homburg, Kurhaus"]
[Date "2005.??.??"]
[Round "8.33"]
[White "Joksic, Sinisa"]
[Black "Lippmann, Ulrich"]
[Result "1-0"]
[WhiteElo "2292"]
[BlackElo "2078"]
[PlyCount "61"]
[EventDate "2005.06.25"]

1. Nf3 d5 2. d4 Nf6 3. c4 c6 4. Nc3 e6 5. Bg5 Nbd7 6. e3 Be7 7. Rc1 h6 8. Bh4
O-O 9. Bd3 dxc4 10. Bxc4 Nd5 11. Bg3 N7b6 12. Bd3 Nxc3 13. bxc3 c5 14. O-O Bd7
15. Bb1 c4 16. Qc2 g6 17. Ne5 Be8 18. Qe4 Qd5 19. Qg4 h5 20. Qe2 Rc8 21. e4 Qd8
22. f4 f6 23. Nf3 Kg7 24. Rce1 Bf7 25. f5 g5 26. fxe6 Bxe6 27. d5 Bg4 28. h3
Bxf3 29. Qxf3 Kh6 30. Kh1 Bd6 31. e5 1-0

[Event "5. Europäische Senioren-Einzel"]
[Site "Bad Homburg, Kurhaus"]
[Date "2005.??.??"]
[Round "8.36"]
[White "Holfelder, Hans-Joachim"]
[Black "Lein, Marina"]
[Result "1-0"]
[WhiteElo "2250"]
[BlackElo "2042"]
[PlyCount "67"]
[EventDate "2005.06.25"]

1. c4 Nf6 2. Nc3 g6 3. e4 d6 4. d4 Bg7 5. f4 O-O 6. Be2 Nfd7 7. Nf3 e5 8. fxe5
dxe5 9. d5 a5 10. Be3 Na6 11. O-O Ndc5 12. Qd2 f5 13. exf5 Bxf5 14. Bh6 e4 15.
Bxg7 Kxg7 16. Nd4 Qe7 17. Qe3 Nb4 18. Rad1 Rad8 19. Ncb5 Nbd3 20. Qg3 Qe5 21.
Nxf5+ Rxf5 22. Nxc7 Qd4+ 23. Kh1 Rdf8 24. Bxd3 exd3 25. Rxf5 Rxf5 26. h3 Qxc4
27. Qe3 d2 28. Qxd2 Rf1+ 29. Rxf1 Qxf1+ 30. Kh2 Nd3 31. d6 Nf2 32. Qd4+ Kh6 33.
Qe3+ g5 34. d7 1-0

[Event "5. Europäische Senioren-Einzel"]
[Site "Bad Homburg, Kurhaus"]
[Date "2005.??.??"]
[Round "8.37"]
[White "Ladstetter, Josef"]
[Black "Vagner, Grigorij"]
[Result "1-0"]
[WhiteElo "2062"]
[BlackElo "2244"]
[PlyCount "74"]
[EventDate "2005.06.25"]

1. d4 Nf6 2. c4 e6 3. g3 d5 4. Bg2 c6 5. Qc2 Nbd7 6. Nf3 Bd6 7. O-O O-O 8. b3
dxc4 9. Qxc4 e5 10. Bb2 Qe7 11. Qc2 Re8 12. e3 exd4 13. Nxd4 g6 14. Nd2 Ne5 15.
h3 a6 16. Kh2 Rb8 17. e4 c5 18. Ne2 Nh5 19. f4 Nd7 20. Rad1 b5 21. Nc3 Nxg3 22.
Kxg3 Qg5+ 23. Kh2 Bxf4+ 24. Rxf4 Qxf4+ 25. Kh1 Ne5 26. Rf1 Qh6 27. Nd5 Bxh3 28.
Nf6+ Kg7 29. Nxe8+ Rxe8 30. Nf3 f6 31. Bxe5 fxe5 32. Qxc5 Qh5 33. Kh2 Bf5+ 34.
Kg1 Bxe4 35. Qc7+ Kg8 36. Ng5 Qxg5 37. Qf7+ Kh8 1-0

[Event "5. Europäische Senioren-Einzel"]
[Site "Bad Homburg, Kurhaus"]
[Date "2005.??.??"]
[Round "8.39"]
[White "Amrehn, Fred"]
[Black "Eidelmann, Vova"]
[Result "1-0"]
[WhiteElo "2206"]
[BlackElo "2043"]
[PlyCount "53"]
[EventDate "2005.06.25"]

1. d4 Nf6 2. Nf3 e6 3. e3 b6 4. Bd3 Bb7 5. Nbd2 d5 6. O-O Bd6 7. Ne5 Nbd7 8. f4
Qe7 9. Qe2 O-O 10. Rf3 c5 11. c3 Ne4 12. Rh3 f6 13. Nxd7 Qxd7 14. c4 g6 15. b3
cxd4 16. exd4 f5 17. Nf3 Rf7 18. Be3 Rc8 19. Rc1 Qe8 20. Ng5 Nxg5 21. fxg5 e5
22. dxe5 Qxe5 23. Qf2 f4 24. Bd4 Qxg5 25. Re1 Rcf8 26. Re6 Bb8 27. Rxg6+ 1-0

[Event "5. Europäische Senioren-Einzel"]
[Site "Bad Homburg, Kurhaus"]
[Date "2005.??.??"]
[Round "8.50"]
[White "Leiber, Bernhard"]
[Black "Selg, Rudolf"]
[Result "1-0"]
[WhiteElo "2224"]
[BlackElo "2030"]
[PlyCount "49"]
[EventDate "2005.06.25"]

1. d4 f5 2. Nf3 Nf6 3. g3 g6 4. Bg2 Bg7 5. O-O O-O 6. c4 d6 7. Nc3 Qe8 8. d5 a5
9. Nd4 Na6 10. a3 Bd7 11. Rb1 c6 12. b4 Nc7 13. bxa5 c5 14. Nc2 Qc8 15. Re1
Rxa5 16. e4 Ng4 17. Bd2 Ra7 18. f3 Ne5 19. Qe2 fxe4 20. Nxe4 b5 21. cxb5 Nxd5
22. f4 Bg4 23. Nxd6 Qe6 24. Qe4 Qxd6 25. fxe5 1-0